Guess Lana Del Rey most and least streamed songs on Spotify - Statistics

General Stats
  • This quiz has been taken 71 times
  • The average score is 10 of 18
Answer Stats
Hint Answer % Correct
Born to die - Most Summertime sadness
100%
Born to die: The paradise edition - Most Ride
84%
Lust for life - Most Lust for life
78%
Ultraviolence - Most West Coast
78%
Born to die: The paradise edition - Least Bel air
71%
Chemtrails over the country club - Most Chemtrails over the country club
71%
Norman fucking Rockwell! - Most Doin' time
62%
Honeymoon - Most High by the beach
58%
Blue banisters - Most Dealer
56%
Born to die - Least Lucky ones
56%
Ultraviolence - Least Guns and roses
51%
Did you know that there's a tunnel under Ocean Blvd - Most Let the light in
47%
Norman fucking Rockwell! - Least Bartender
44%
Honeymoon - Least Burnt norton
33%
Chemtrails over the country club - Least For free
31%
Blue banisters - Least Beautiful
20%
Lust for life - Least God bless America - and all the beautiful women in it
9%
Did you know that there's a tunnel under Ocean Blvd - Least Jon Batiste interlude
7%
No matching quizzes found
Score Distribution
Percent of People with Each Score
Percentile by Number Answered
Your Score History
You have not taken this quiz